ARRUPE JESUIT UNIVERSITY

CORONAVIRUS -STOP THE SPREAD - CLEAN,DISINFECT,COVER

Sisters and prophets : (Record no. 126953)

MARC details
000 -LEADER
fixed length control field 00994nam a2200301 a 4500
001 - CONTROL NUMBER
control field 3945014
005 - DATE AND TIME OF LATEST TRANSACTION
control field 20170912121237.0
008 - FIXED-LENGTH DATA ELEMENTS--GENERAL INFORMATION
fixed length control field 931122s1993 inua 000 0 eng d
010 ## - LIBRARY OF CONGRESS CONTROL NUMBER
LC control number 93071540
020 ## - INTERNATIONAL STANDARD BOOK NUMBER
International Standard Book Number 0877935149 :
Terms of availability $12.95
035 ## - SYSTEM CONTROL NUMBER
System control number (OCoLC)29052948
040 ## - CATALOGING SOURCE
Original cataloging agency OCl
Transcribing agency OCl
Modifying agency DLC
042 ## - AUTHENTICATION CODE
Authentication code lccopycat
050 00 - LIBRARY OF CONGRESS CALL NUMBER
Classification number NX512.S54
Item number A4 1993
082 00 - DEWEY DECIMAL CLASSIFICATION NUMBER
Classification number 759.13
Edition number 20
100 1# - MAIN ENTRY--PERSONAL NAME
Personal name Sleevi, Mary Lou.
9 (RLIN) 35736
245 10 - TITLE STATEMENT
Title Sisters and prophets :
Remainder of title art and story /
Statement of responsibility, etc Mary Lou Sleevi.
260 ## - PUBLICATION, DISTRIBUTION, ETC. (IMPRINT)
Place of publication, distribution, etc Notre Dame, Ind. :
Name of publisher, distributor, etc Ave Maria Press,
Date of publication, distribution, etc 1993.
300 ## - PHYSICAL DESCRIPTION
Extent 119 p. :
Other physical details col. ill. ;
Dimensions 23 cm.
600 10 - SUBJECT ADDED ENTRY--PERSONAL NAME
Personal name Sleevi, Mary Lou.
9 (RLIN) 35736
650 #0 - SUBJECT ADDED ENTRY--TOPICAL TERM
Topical term or geographic name as entry element Women in art.
9 (RLIN) 20322
650 #0 - SUBJECT ADDED ENTRY--TOPICAL TERM
Topical term or geographic name as entry element Women
General subdivision Poetry.
9 (RLIN) 35737
650 #0 - SUBJECT ADDED ENTRY--TOPICAL TERM
Topical term or geographic name as entry element Women in the Bible.
9 (RLIN) 7784
906 ## - LOCAL DATA ELEMENT F, LDF (RLIN)
a 7
b cbc
c copycat
d 2
e opcn
f 19
g y-gencatlg
942 ## - ADDED ENTRY ELEMENTS (KOHA)
Source of classification or shelving scheme Library of Congress Classification
Item type Monograph ( Printed materials)
Holdings
Withdrawn status Lost status Source of classification or shelving scheme Damaged status Not for loan Collection code Home library Current library Shelving location Date acquired Total Checkouts Full call number Barcode Date last seen Price effective from Koha item type
    Library of Congress Classification     Main Collection ARRUPE LIBRARY ARRUPE LIBRARY Main Collection 12/09/2017   NX512.S54A9 1993 46500027908 04/07/2018 12/09/2017 Monograph ( Printed materials)

 

Arrupe Library. PO Box MP320 Mt Pleasant, Harare, Zimbabwe
263 242 745411|librarian@aju.ac.zw